000 00451nam a22001817a 4500
005 20160804104304.0
008 160804b xxu||||| |||| 00| 0 eng d
020 _a978007417790
040 _cPK-LaUMT
082 _a610
_bMUR-M
100 _aMurtagh, John
245 _aMurtagh's general practice
_cJohn Murtagh
250 _a4th ed.
260 _aNew York:
_bMcGraw-Hill,
_c2009
300 _a1542 p.
650 _aFamily medicines
942 _cBK
999 _c86696
_d86696